| 000 | 00527ntaaa2200193 4500 | ||
|---|---|---|---|
| 003 | 01 | ||
| 005 | 20251027202246.0 | ||
| 008 | 0714s1973 ag 01 | ||
| 020 | _a0311118208 | ||
| 040 |
_aAR-BaBN _bspa _cAR-BaBN _eaacr _dRIC |
||
| 082 | _a268.4320 C73s | ||
| 245 | _aComo guiar a los preescolares | ||
| 250 | _a1 ed. | ||
| 260 |
_aEl Paso : _bCasa Bautista de Publicaciones, _c1988 |
||
| 300 |
_a240 p ; _cilu. : 21 cm |
||
| 650 |
_aparvulos-educación cristiana _914754 |
||
| 700 |
_aStrickland, Jenell _920983 |
||
| 942 | _cBK | ||
| 999 |
_c17373 _d17373 |
||